Advanced technologies for meat processing / (Record no. 15073)

000 -LEADER
fixed length control field 00702cam a22002174a 4500
020 ## - INTERNATIONAL STANDARD BOOK NUMBER
ISBN 1574445871 (alk. paper)
020 ## - INTERNATIONAL STANDARD BOOK NUMBER
ISBN 9781574445879 (alk. paper)
040 ## - CATALOGING SOURCE
Transcribing agency DLC
082 00 - DEWEY DECIMAL CLASSIFICATION NUMBER
Classification number 664 CRC 2006 A054 Or.
245 00 - TITLE STATEMENT
Title Advanced technologies for meat processing /
260 ## - PUBLICATION, DISTRIBUTION, ETC. (IMPRINT)
Place of publication Boca Raton :
Name of publisher CRC/Taylor & Francis,
Year of publication 2006.
300 ## - PHYSICAL DESCRIPTION
Number of Pages 483 p. :
Other physical details ill. ;
Dimensions 25 cm.
490 1# - SERIES STATEMENT
Series statement Food science and technology ;
650 #0 - SUBJECT ADDED ENTRY--TOPICAL TERM
Topical Term Meat.
650 #0 - SUBJECT ADDED ENTRY--TOPICAL TERM
Topical Term Meat industry and trade.
700 1# - ADDED ENTRY--PERSONAL NAME
Personal name Nollet, Leo M. L.,
700 1# - ADDED ENTRY--PERSONAL NAME
Personal name Toldrá, Fidel.
856 41 - ELECTRONIC LOCATION AND ACCESS
Uniform Resource Identifier http://www.loc.gov/catdir/toc/ecip0518/2005024763.html
856 42 - ELECTRONIC LOCATION AND ACCESS
Uniform Resource Identifier http://www.loc.gov/catdir/enhancements/fy0703/2005024763-d.html
942 ## - ADDED ENTRY ELEMENTS (KOHA)
Koha item type សៀវភៅភាសាអង់គ្លេស
952 ## - LOCATION AND ITEM INFORMATION (KOHA)
Withdrawn status [LOCAL, KOHA] 0
Holdings
Permanent Location Date acquired Koha item type Lost status Shelving location Barcode Current Location Full call number
Library Block A2017-11-03សៀវភៅភាសាអង់គ្លេស A054A06083Library Block A664 CRC 2006 A054 Or.
មជ្ឈមណ្ឌលឯការនៃសាកលវិទ្យាល័យភូមិន្ទកសិកម្មចំការដូង

Powered by Koha